根据城区地形地图写出内蒙/宁夏各地市 Inner mongolia/Ningxia cities on urban map - Statistics

General Stats
  • This quiz has been taken 10 times
  • The average score is 10 of 17
Answer Stats
Picture Answer % Correct
银川
89%
乌海
89%
包头
89%
巴彦淖尔
67%
中卫
67%
通辽
56%
阿拉善左旗
56%
鄂尔多斯
56%
呼和浩特
56%
呼伦贝尔
56%
赤峰
56%
锡林浩特
44%
石嘴山
44%
固原
44%
吴忠
44%
乌兰察布
33%
乌兰浩特
33%
No matching quizzes found
Score Distribution
Percent of People with Each Score
Percentile by Number Answered
Your Score History
You have not taken this quiz